Cinco formas de curar enfermedades y malestares cotidiano / (Registro nro. 11477)

Detalles MARC
000 -LIDER
fixed length control field 01154nam a22002897a 4500
003 - IDENTIFICACDOR DE NÚMERO DE CONTROL
control field DO-SdBNP
005 - DATE AND TIME OF LATEST TRANSACTION
control field 20171110100433.0
008 - ELEMENTOS DE LONGITUD FIJA
fixed length control field 160921b 2012 sp||||| |||| 00| 0 spa d
020 ## - ISBN
International Standard Book Number 9788495818850
040 ## - FUENTE DE CATALOGACIÓN
Agencia que crea de manera original el registro BMPSU
Idioma de catalogación spa
Agencia que realiza la transcripción BPMSU
082 #4 - NÚMERO DE CLASIFICACIÓN DECIMAL DE DEWEY
Classification number 616
Item number C574f
245 00 - MENCIÓN DE TITULO
Título Cinco formas de curar enfermedades y malestares cotidiano /
Mención de responsabilidad Textos de Víctor Sierpina ... [et. al.]
246 04 - VARIACION DEL TÍTULO
Título propiamente dicho o título corto Tratamientos fáciles y efectivos para los problemas de salud más comunes
260 ## - PUBLICACIÓN, DISTRIBUCIÓN, ETC. (PIE DE IMPRENTA)
Lugar de publicación, distribución, etc Madrid :
Nombre del editor, distribuidor, etc. Ediciones Daly ,
Fecha de publicación, distribución, etc 2012
300 ## - DESCRIPCIÓN FÍSICA
Extensión 3 v. :
Otros detalles físicos il.
505 0# - NOTA DE CONTENIDO
Título Introducción--
-- Glosario y puntos de energía --
-- Piel, cabello y uñas --
-- Ojos, oídos, nariz, boca y garganta --
-- Sistema digestivo y excretor --
-- Sistema respiratorio y circulatorio --
-- Dolores y molestias --
-- Mente y espíritu --
-- Primeros auxilios --
650 #4 - ENCABEZAMIENTO DE MATERIA--TEMÁTICO
Término temático o nombre geográfico como elemento de entrada MEDICINA
650 #4 - ENCABEZAMIENTO DE MATERIA--TEMÁTICO
Término temático o nombre geográfico como elemento de entrada MEDICINA ALTERNATIVA
650 #4 - ENCABEZAMIENTO DE MATERIA--TEMÁTICO
Término temático o nombre geográfico como elemento de entrada HOMEOPATÍA
650 #4 - ENCABEZAMIENTO DE MATERIA--TEMÁTICO
Término temático o nombre geográfico como elemento de entrada PLANTAS AROMÁTICAS
650 #4 - ENCABEZAMIENTO DE MATERIA--TEMÁTICO
Término temático o nombre geográfico como elemento de entrada PLANTAS MEDICINALES
700 12 - ASIENTO SECUNDARIO -- NOMBRE PERSONAL
Nombre personal Sierpina, Víctor
910 ## - VALIDACIÓN
Validación Validado. Control de calidad MFF
942 ## - ADDED ENTRY ELEMENTS (KOHA)
Source of classification or shelving scheme Dewey Decimal Classification
Koha item type Libros
945 ## - INFORMACIÓN DE PROCESAMIENTO LOCAL
Información de procesamiento local Inventariado, 2017/MFF
956 ## - LOCAL ELECTRONIC LOCATION AND ACCESS (OCLC)
Nombre de host dgarcia
Existencias
Withdrawn status Lost status Source of classification or shelving scheme Damaged status Not for loan Collection code Home library Current library Date acquired Source of acquisition Total Checkouts Full call number Barcode Date last seen Price effective from Koha item type Copy number
    Dewey Decimal Classification     Colección General Biblioteca Pública Metropolitana Salomé Ureña Biblioteca Pública Metropolitana Salomé Ureña 09/21/2016 Donacion   616 C574f BPMSU16090487 09/21/2016 09/21/2016 Libros  
    Dewey Decimal Classification     Colección General Biblioteca Pública Metropolitana Salomé Ureña Biblioteca Pública Metropolitana Salomé Ureña 09/27/2016 Donación   616 C574f BPMSU16090488 09/27/2016 09/27/2016 Libros e. 2
    Dewey Decimal Classification     Colección General Biblioteca Pública Metropolitana Salomé Ureña Biblioteca Pública Metropolitana Salomé Ureña 09/29/2016 Donación   616 C574f BPMSU17110137 09/29/2016 09/29/2016 Libros